Statistics for U.S. General Knowledge #30

Click here to take the quiz!

General Stats

  • This quiz has been taken 16,551 times
  • The average score is 11 of 20

Answer Stats

QuestionAnswer% Correct
Name one of the two most populous Native American tribes in the United States.Cherokee / Navajo
82%
What military decoration is given to American soldiers who are wounded
or killed in action?
Purple Heart
77%
Which U.S. state quarter features a cow, a cheese wheel, and an ear of corn?Wisconsin
75%
What sitcom featured the theme song "Where Everybody Knows Your Name"?Cheers
69%
Where does one buy peanuts and cracker jack?The Ball Game
67%
What is the capital of the state of Washington?Olympia
66%
What are Chuck Taylor All-Stars?Shoes
64%
What is the most expensive property in the U.S. version of Monopoly?Boardwalk
62%
Who is to blame for making Dr. Phil famous?Oprah Winfrey
62%
What honor ranks above magna cum laude?{Summa} Cum Laude
62%
What type of product does Vlasic sell?Pickles
56%
What American dress designer has the initials VW?Vera Wang
55%
What beverage is traditionally consumed by the winner of the Indianapolis 500?Milk
46%
What is known as "The Biggest Little City in the World"?Reno
46%
What era of U.S. history lasted from 1920–1933?Prohibition
44%
Who wrote the book "Dreams from my Father"?Barack Obama
43%
Whose house was Kato Kaelin staying at in 1994?O.J. Simpson's
43%
What literary character is Dr. House partly based on?Sherlock Holmes
39%
Who guaranteed that the Jets would beat the Colts in Super Bowl III?Joe Namath
37%
Who's the cat that won't cop out, when there's danger all about?Shaft
20%

Score Distribution

Percentile by Number Answered

Percent of People with Each Score

Your Score History

You have not taken this quiz